| 000 | 00808cab a2200277 4500 | ||
|---|---|---|---|
| 001 | ABS57151 | ||
| 008 | 090401t1997 xxu||||| |||| 00| 0 eng d | ||
| 035 | _a(Sirsi) u98445 | ||
| 041 | _aeng | ||
| 100 | _aLangdon, M. | ||
| 245 | _aBe prepared for the opposition`s attack | ||
| 260 | _c1997 | ||
| 350 | _a0 | ||
| 490 |
_aProperty Week _v59(8) 23 May 1997, 24-25(2) |
||
| 520 | _aLooks at options for landlords and tenants when dealing with lease renewals. Includes grounds for opposition, and delay tactics. | ||
| 650 | _aDELAYS | ||
| 650 | _aGROUNDS FOR OPPOSITION | ||
| 650 | _aLANDLORD AND TENANT ACT 1954 | ||
| 650 | _aLANDLORD | ||
| 650 | _aLEASE RENEWAL | ||
| 650 | _aTENANT | ||
| 690 | _aPROPERTY-LANDLORD AND TENANT | ||
| 700 | _aWhite, G. | ||
| 942 | _n0 | ||
| 948 | _c06/06/1997 | ||
| 999 |
_c59836 _d59836 |
||